| 000 | 00535nam a22001817a 4500 | ||
|---|---|---|---|
| 008 | 171028s2017 gt||||| |||| 00| 0 spa d | ||
| 020 | _a9789929559875 | ||
| 082 | 0 | 4 |
_a864.7 _bP344r |
| 100 | 1 |
_aPayeras, Javier. _96051 |
|
| 245 | 1 | 3 |
_aLa región más invisibles / _cJavier Payeras. |
| 250 | _a1a edición. | ||
| 260 |
_aGuatemala : _bEditorial Cultura, _c2017. |
||
| 300 | _a156 páginas. | ||
| 440 | 0 |
_aColección Ensayo _v61 _96052 |
|
| 653 | 1 | 0 | _aLiteratura Latinoamericana |
| 653 | 1 | 0 | _aLiteratura - Guatemala |
| 653 | 1 | 0 | _aEnsayos |
| 999 |
_c1332 _d1332 |
||